000 00397nam a2200109Ia 4500
008 160909s9999 xx 000 0 und d
100 _aStecki, Christina A.
245 _aWhittier lifecare: A community mental health services and resource center
260 _bCalifornia State University, Long Beach.
_c2016
650 _aNursing
856 _uhttp://pqdtopen.proquest.com/doc/1777341801.html?FMT=ABS
999 _c303909
_d303909